004220000a22001090004500090001700000245011500017041001300132100003100145942001300176773010600189999001700295 aASbSeriadas10aKey to the species of Clibadium () with notes on synonymy and morphological variation0 aInglés1 aArriagada M., Jorge999074 cARTICULO1 tRevista de la Academia Colombiana de Ciencias Exactas, Fisicas y Naturales332h74q453-462d1995g19 c14022d14022